|
|
|
|
| LEADER |
01079nam a2200289 a 4500 |
| 001 |
27492 |
| 003 |
BD-DhAAL |
| 005 |
20150206114054.0 |
| 008 |
130917r19941993enka b 001 0 eng |
| 010 |
|
|
|a 92029556
|
| 020 |
|
|
|a 0521322588 (hardback)
|
| 020 |
|
|
|a 0521311322 (pbk.)
|
| 040 |
|
|
|a DLC
|c DLC
|d DLC
|d BD-DhAAL
|
| 050 |
0 |
0 |
|a QC174.45
|b .S78 1993
|
| 082 |
0 |
0 |
|a 530.1/43
|2 20
|
| 999 |
|
|
|c 13989
|d 13989
|
| 999 |
|
|
|c 13989
|
| 100 |
1 |
|
|a Sterman, George.
|9 3160
|
| 245 |
1 |
3 |
|a An introduction to quantum field theory /
|c George Sterman.
|
| 260 |
|
|
|a Cambridge [England] ;
|a New York, NY, USA :
|b Cambridge University Press,
|c 1993. [Reprinted 2004]
|
| 300 |
|
|
|a xvii, 572 p. :
|b ill. ;
|c 26 cm.
|
| 504 |
|
|
|a Includes bibliographical references (p. 551-561) and index.
|
| 541 |
|
|
|e 27492
|
| 650 |
|
0 |
|a Quantum field theory.
|9 3161
|
| 740 |
0 |
|
|a Quantum field theory.
|
| 942 |
|
|
|2 ddc
|c BK
|
| 952 |
|
|
|0 0
|1 0
|2 ddc
|4 0
|6 530_143000000000000_STE
|7 0
|9 23441
|a BRACUL
|b BRACUL
|c GEN
|d 2013-09-17
|e Trim Education
|g 10975.00
|l 2
|m 14
|o 530.143 STE
|p 3010027492
|r 2019-04-16
|s 2019-01-13
|t 1
|w 2013-09-17
|y BK
|